000 01633nam0a2200385 i 4500
001 RU\NLR\BIBL_A\010411785
005 20260406135725.0
010 _a9785444421253
_910000
021 _aRU
_b2014-33726
_92065
035 _a(NILC)RuMoRGB-007492600
035 _a(NLR Aleph) 010411785
090 _a9762813
_c9762813
100 _a20140703d2014 km y0rusy50 ca
101 0 _arus
102 _aRU
105 _aa|||z||||01zb
200 1 _aМаркиз де Сад
_eвеликий распутник
_fС. Ю. Нечаев
210 _aМосква
_cВече
_d2014
215 _a222, [1] с.
_cил., портр.
_d21
225 1 _aЧеловек-загадка
320 _aБиблиогр. первых и ориг. изд. произведений маркиза де Сада: с. 205-211
333 _a18+
517 1 _aВеликий распутник
600 1 _aСад
_bД.А.Ф. де
_f1740 - 1814
_gДонасьен Альфонс Франсуа де
_xБиография
_92112413
_3RU\NLR\AUTH\661276526
675 _a94(44)<17/18>(092)
686 1 _aШ5(4Фр)45-4Сад2
700 1 _7ca
_8rus
_aНечаев
_bС. Ю.
_cписатель, канд. экон. наук
_f1957-
_gСергей Юрьевич
_915966
_3RU\NLR\AUTH\7732958
702 1 _4570
_7ca
_8rus
_aСад
_bД. А. Ф. де
_f1740-1814
_gДонасьен Альфонс Франсуа де
_9112717
_3RU\NLR\AUTH\772709
801 0 _aRU
_bRuMoRKP
_c20130603
_gRCR
801 2 _aRU
_bРГБ
_c20140520
_grcr
942 _cBOOK
980 _aNBR